| 000 | 00953cam a22002775a 4500 | ||
|---|---|---|---|
| 001 | 016635809 | ||
| 003 | OSt | ||
| 005 | 20201128021353.0 | ||
| 008 | 140213t2014 flua frb 001 0 eng d | ||
| 020 | _a9781466578036 (hbk.) | ||
| 020 | _z9781466578043 (PDF ebook) | ||
| 040 |
_aStDuBDS _beng _cStDuBDS _dEG-ScBUE |
||
| 082 | 0 | 4 |
_a005.8 _bSEC _222 |
| 245 | 0 | 0 |
_aSecurity for multihop wireless networks / _cedited by Shafiullah Khan, Jaime Lloret Mauri. |
| 260 |
_aBoca Raton : _bCRC Press / Taylor & Francis Group, _cc.2014. |
||
| 300 |
_axiv, 524 p. : _bill. ; _c24 cm. |
||
| 500 | _aIndex : p. 503-524. | ||
| 504 | _aIncludes bibliographical references. | ||
| 650 | 0 |
_aWireless communication systems _xSecurity measures. _2BUEsh _92940 |
|
| 651 | _2BUEsh | ||
| 653 |
_bCOMSCI _cJune2015 _cJuly2015 |
||
| 655 |
_vreading book _934232 |
||
| 700 | 1 |
_aKhan, Shafiullah, _eeditor. |
|
| 700 | 1 |
_aLloret Mauri, Jaime, _eeditor. |
|
| 942 |
_2ddc _k005.8 SEC |
||
| 999 |
_c20010 _d19982 |
||